[Event "It (cat.8)"]
[Site "masterchessopen.com - Edmonton (Canada)"]
[Date "2009.12.18"]
[Round "2"]
[White "Mikhalevski Victor (ISR)"]
[Black "Kraai Jesse (USA)"]
[Result "1-0"]
[WhiteElo "2631"]
[BlackElo "2498"]

1.d4 e6 2.c4 Nf6 3.Nf3 c5 4.d5 exd5 5.cxd5 d6 6.Nc3 g6 7.g3 Bg7 8.Bg2 O-O
9.O-O Re8 10.Bf4 Na6 11.h3 Nc7 12.a4 Ne4 13.Rc1 Bf5 14.g4 Nxc3 15.bxc3 Be4
16.c4 Bb2 17.Qb3 Bxc1 18.Bxc1 a6 19.a5 Rb8 20.Bb2 b5 21.axb6 Na8 22.Qc3 f6
23.g5 Bxf3 24.gxf6 Kf7 25.Bxf3 Nxb6 26.Bg4 Nd7 27.Be6+ Rxe6 28.dxe6+ Kxe6
29.Rd1 Qxf6 30.Rxd6+ Kxd6 31.Qd2+ {#r} 1-0

[Event "Ch Europe (active)"]
[Site "masterchessopen.com - Warsaw (Poland)"]
[Date "2009.12.20"]
[Round "9"]
[White "Pitl Gregory (GER)"]
[Black "Wojtaszek Radoslaw (POL)"]
[Result "0-1"]
[WhiteElo "2405"]
[BlackElo "2637"]

1.d4 Nf6 2.c4 e6 3.g3 c5 4.d5 exd5 5.cxd5 d6 6.Nc3 g6 7.Nf3 Bg7 8.Bg2 O-O
9.O-O Re8 10.h3 Na6 11.Nd2 Rb8 12.Nc4 b5 13.Nxd6 Qxd6 14.Bf4 Qb6 15.Bxb8 Nxb8
16.e4 c4 17.Kh2 b4 18.Na4 Qa5 19.Re1 Bd7 20.b3 Bxa4 21.bxa4 Nbd7 22.f4 Nxe4
23.Bxe4 Bxa1 24.Qxa1 b3 25.axb3 Nc5 26.d6 Qd2+ 27.Kh1 Nxe4 {#R} 0-1

[Event "It \"]
[Site "masterchessopen.com - Las Vegas (USA)"]
[Date "2009.12.26"]
[Round "1"]
[White "Mikhalevski Victor (ISR)"]
[Black "Moskow Eric (USA)"]
[Result "1-0"]
[WhiteElo "2631"]
[BlackElo "2194"]

1.d4 Nf6 2.c4 e6 3.g3 c5 4.d5 exd5 5.cxd5 g6 6.Nc3 d6 7.Bg2 Bg7 8.Nf3 O-O
9.O-O a6 10.a4 Re8 11.Bf4 Ne4 12.Nxe4 Rxe4 13.Nd2 Rb4 14.b3 Nd7 15.Bxd6 Qf6
16.Bc7 Qxa1 17.Qxa1 Bxa1 18.Rxa1 Ra7 19.Ba5 Rg4 20.f4 {#r} 1-0

[Event "Memorial Salvatore Nobile (open)"]
[Site "masterchessopen.com - Rome (Italy)"]
[Date "2010.02.10"]
[Round "5"]
[White "Prudenzano Ruggero (ITA)"]
[Black "Marta Daniele (ITA)"]
[Result "0-1"]
[WhiteElo "1929"]
[BlackElo "2051"]

1.d4 Nf6 2.c4 e6 3.Nc3 c5 4.d5 exd5 5.cxd5 d6 6.Nf3 g6 7.g3 Bg7 8.Bg2 O-O
9.O-O Re8 10.h3 a6 11.a4 Nbd7 12.Bf4 Qc7 13.Nd2 Nh5 14.Nc4 Nxf4 15.gxf4 Nb6
16.Ne3 Bd4 17.a5 Nd7 18.Nc4 b5 19.axb6 Nxb6 20.Nd2 Qd8 21.e3 Bg7 22.Qc2 Qh4
23.Nf3 Qh5 24.Ng5 h6 25.Nge4 Bxh3 26.Nxd6 Bxg2 27.Kxg2 Red8 28.Nde4 Nxd5
29.Ng3 Qg4 30.Ne4 Rab8 31.Rxa6 Nxe3+ 32.fxe3 Rxb2 33.Qxb2 Bxb2 34.Rc1 Qc8 {#R}
0-1

[Event "Ch Slovakia (team) 2009/10 (1 liga) West"]
[Site "masterchessopen.com - Slovakia"]
[Date "2010.03.06"]
[Round "10"]
[White "Jancovic Peter (SVK)"]
[Black "Cernousek Lukas (CZE)"]
[Result "0-1"]
[WhiteElo "2167"]
[BlackElo "2410"]

1.d4 Nf6 2.c4 c5 3.d5 e6 4.Nc3 exd5 5.cxd5 g6 6.Nf3 d6 7.g3 Bg7 8.Bg2 O-O
9.O-O a6 10.a4 Nbd7 11.Bf4 Qe7 12.Qc1 Re8 13.Bh6 Bh8 14.Bg5 Rb8 15.Re1 b5
16.axb5 axb5 17.Nd2 Ne5 18.Nce4 Bg7 19.Bxf6 Bxf6 20.Ra7 Rb7 21.Ra6 Rd7 22.Rb6
Bg7 23.Rxb5 f5 24.Nc3 Nd3 25.exd3 Qxe1+ 26.Qxe1 Rxe1+ 27.Nf1 Ba6 28.Rb8+ Kf7
29.Nb5 Bxb2 30.Nxd6+ Rxd6 31.Rxb2 Bxd3 32.f4 c4 33.Kf2 c3 34.Rb7+ Re7 {#R} 0-1

[Event "Ch Europe (w)"]
[Site "masterchessopen.com - Rijeka (Croatia)"]
[Date "2010.03.10"]
[Round "5"]
[White "Arabidze Meri (GEO)"]
[Black "Pavlidou Ekaterini (GRE)"]
[Result "1-0"]
[WhiteElo "2288"]
[BlackElo "2191"]

1.d4 Nf6 2.c4 e6 3.Nf3 c5 4.d5 exd5 5.cxd5 d6 6.Nc3 g6 7.g3 Bg7 8.Bg2 O-O
9.O-O a6 10.a4 b6 11.Nd2 Qc7 12.Nc4 Nh5 13.e4 Nd7 14.g4 Nhf6 15.g5 Ne8 16.f4
Rb8 17.Na3 b5 18.axb5 axb5 19.Naxb5 Qb6 20.Qa4 c4+ 21.Kh1 Nc5 22.Qa7 Ba6
23.Qxb6 Rxb6 24.Na7 f6 25.gxf6 Bxf6 26.e5 dxe5 27.Be3 Be7 28.Nc6 Rxc6 29.dxc6
Nc7 30.Nd5 Nb3 31.Nxe7+ Kf7 32.Rxa6 {#r} 1-0

[Event "Ch Belgium (team) 2009/10"]
[Site "masterchessopen.com - Belgium"]
[Date "2010.03.21"]
[Round "11"]
[White "Pucher Olivier (FRA)"]
[Black "Larmuseau Maarten (BEL)"]
[Result "0-1"]
[WhiteElo "2348"]
[BlackElo "2271"]

1.d4 Nf6 2.c4 e6 3.g3 c5 4.d5 exd5 5.cxd5 d6 6.Nc3 g6 7.Bg2 Bg7 8.Nf3 O-O
9.O-O a6 10.a4 Re8 11.Bf4 Ne4 12.Nxe4 Rxe4 13.Nd2 Rb4 14.b3 Bxa1 15.Qxa1 Rxf4
16.gxf4 Nd7 17.Ne4 Qe7 18.Rd1 f5 19.Ng5 h6 20.Nf3 Nf6 21.Ne5 dxe5 22.d6 Qf7
23.fxe5 Ne4 24.Qc1 Bd7 25.Qxh6 Qg7 26.Qe3 Qxe5 27.f3 Qc3 28.Qh6 Nf6 29.Qxg6+
Kh8 30.Kf2 Rg8 31.Qh6+ Nh7 32.f4 Qc2 {#R} 0-1

[Event "Ch Region"]
[Site "masterchessopen.com - Lipetsk (Russia)"]
[Date "2010.03.29"]
[Round "8"]
[White "Malinin Sergey (RUS)"]
[Black "Ruchkin Ivan (RUS)"]
[Result "0-1"]
[WhiteElo "1970"]
[BlackElo "2153"]

1.d4 Nf6 2.c4 e6 3.g3 c5 4.d5 exd5 5.cxd5 d6 6.Nc3 g6 7.Nf3 Bg7 8.Bg2 O-O
9.O-O a6 10.e4 Re8 11.Re1 b5 12.Nd2 Nbd7 13.Nb3 Bb7 14.Bf4 Qc7 15.Rc1 Nh5
16.Be3 c4 17.Nd4 Nc5 18.Rc2 b4 19.Nb1 Nxe4 20.Ne6 fxe6 21.Bxe4 Nf6 22.Bg2 Bxd5
23.f3 Qb7 24.Nd2 Rac8 25.Qc1 b3 26.axb3 cxb3 27.Rxc8 Rxc8 28.Qd1 Ng4 29.Bf4
Qb6+ {#R} 0-1

[Event "Ch Canarias (juniors)"]
[Site "masterchessopen.com - Vecindario (Spain)"]
[Date "2010.06.13"]
[Round "7"]
[White "Navarro Molina David (ESP)"]
[Black "Nortes Hernandez Pedro (ESP)"]
[Result "1-0"]
[WhiteElo "2047"]
[BlackElo "2020"]

1.d4 Nf6 2.Nf3 e6 3.c4 c5 4.d5 exd5 5.cxd5 d6 6.Nc3 g6 7.g3 Bg7 8.Bg2 O-O
9.O-O Re8 10.Bf4 a6 11.a4 Ne4 12.Nxe4 Rxe4 13.Nd2 Rb4 14.b3 g5 15.Be3 Bf5
16.Ra2 Nd7 17.Nc4 Ne5 18.Nxe5 Bxe5 19.Bd2 Rd4 20.Qc1 c4 21.b4 Be4 22.e3 Rxd2
23.Qxd2 c3 24.Qe2 Bg6 25.f4 {#r} 1-0

[Event "It (open)"]
[Site "masterchessopen.com - Voronezh (Russia)"]
[Date "2010.06.15"]
[Round "4"]
[White "Yatzenko Anton (RUS)"]
[Black "Panarin Michail (RUS)"]
[Result "1-0"]
[WhiteElo "2346"]
[BlackElo "2533"]

1.d4 Nf6 2.c4 c5 3.d5 e6 4.Nc3 exd5 5.cxd5 d6 6.Nf3 g6 7.g3 Bg7 8.Bg2 O-O
9.O-O Re8 10.Bf4 Na6 11.Re1 Bg4 12.h3 Bxf3 13.Bxf3 Nd7 14.Qb3 Ne5 15.Bg2 Rb8
16.Nb5 Qb6 17.Qa4 c4 18.Bd2 Nc7 19.Nxa7 Qxb2 20.Be3 b5 21.Qa5 Rb7 22.Rab1 Qc2
23.Nxb5 Rxb5 24.Rxb5 Nxb5 25.Qxb5 Ra8 26.f4 Qc3 27.Bf2 Nd3 28.exd3 Bd4 29.Re8+
Kg7 30.Bxd4+ Qxd4+ 31.Kh2 cxd3 32.Re4 Qc3 33.Qc6 Qa1 34.Qc4 {#r} 1-0

[Event "Ch Turkey (team)"]
[Site "masterchessopen.com - Konya (Turkey)"]
[Date "2010.07.01"]
[Round "4"]
[White "Ozturk Emir (TUR)"]
[Black "Mirzoev Azer (AZE)"]
[Result "0-1"]
[WhiteElo "2209"]
[BlackElo "2527"]

1.d4 c5 2.d5 Nf6 3.c4 e6 4.Nc3 exd5 5.cxd5 d6 6.g3 g6 7.Bg2 Bg7 8.Nf3 O-O
9.O-O Na6 10.e4 Bg4 11.Qb3 Bxf3 12.Bxf3 Qb8 13.Bd2 Nd7 14.Nb5 Ne5 15.Bg2 c4
16.Qe3 Nc5 17.f4 Ned3 18.Bc3 Bxc3 19.bxc3 a6 20.Nd4 Re8 21.f5 Re5 22.Nf3 Rxe4
23.Qh6 Qf8 24.Qh3 Qg7 25.Ng5 Re5 26.f6 Qh8 27.Qh4 Rae8 28.Rab1 h5 29.Nf3 Re4
30.Qg5 Rg4 31.Qd2 Qxf6 32.Nd4 Qe7 33.Rf3 Re4 34.Qh6 Re1+ 35.Rxe1 Qxe1+ {#R}
0-1

[Event "Ch Turkey (team)"]
[Site "masterchessopen.com - Konya (Turkey)"]
[Date "2010.07.02"]
[Round "5"]
[White "Kucumenler Tarkan (TUR)"]
[Black "Pantsulaia Levan (GEO)"]
[Result "0-1"]
[WhiteElo "2059"]
[BlackElo "2599"]

1.d4 Nf6 2.c4 c5 3.d5 e6 4.Nc3 exd5 5.cxd5 d6 6.Nf3 g6 7.g3 Bg7 8.Bg2 O-O
9.O-O a6 10.a4 Nbd7 11.Bf4 Qe7 12.e4 Ng4 13.Bg5 Qe8 14.Re1 Nde5 15.Nxe5 Nxe5
16.h3 c4 17.Bf1 Qd7 18.Bf4 Qc7 19.Kg2 Bd7 20.a5 f5 21.exf5 Rxf5 22.Re4 Raf8
23.h4 h6 24.Be2 R5f7 25.Be3 Bf5 26.Rf4 Qd7 27.Na4 Nd3 28.Bxd3 Bxd3 29.Nb6 Qb5
30.Rxf7 Rxf7 31.Qa4 Qxb2 32.Qe8+ {#R} 0-1

[Event "It (open)"]
[Site "masterchessopen.com - La Fere (France)"]
[Date "2010.07.04"]
[Round "2"]
[White "Defrance Laurent (FRA)"]
[Black "Timmermans Eric (FRA)"]
[Result "1-0"]
[WhiteElo "2151"]
[BlackElo "1870"]

1.d4 Nf6 2.c4 c5 3.d5 e6 4.Nc3 exd5 5.cxd5 d6 6.Nf3 g6 7.g3 Bg7 8.Bg2 O-O
9.O-O Re8 10.h3 a6 11.a4 b6 12.Nd2 Ra7 13.Nc4 Rb7 14.Bf4 Bf8 15.Qd2 b5 16.axb5
axb5 17.Na5 Rbe7 18.Bg5 Bg7 19.Qf4 Nh5 20.Bxe7 Qxe7 21.Qd2 b4 22.Na4 Qxe2
23.Qxe2 Rxe2 24.Rfe1 Rxe1+ 25.Rxe1 Kf8 26.Nc4 Bd4 27.Nab6 Bd7 28.Ra1 Nxg3
29.Ra8 Bf5 30.Rxb8+ Ke7 31.Rb7+ {#r} 1-0

[Event "Tournament (open)"]
[Site "masterchessopen.com - Berdsk (Russia)"]
[Date "2010.07.08"]
[Round "1"]
[White "Popov Roman (RUS)"]
[Black "Kiryushkin Aleksandr (RUS)"]
[Result "1-0"]
[WhiteElo "2356"]
[BlackElo "2016"]

1.d4 Nf6 2.c4 c5 3.d5 e6 4.Nc3 exd5 5.cxd5 d6 6.Nf3 g6 7.g3 Bg7 8.Bg2 O-O
9.O-O a6 10.a4 Nbd7 11.Bf4 Qc7 12.Nd2 Nh5 13.Bg5 h6 14.Be3 Rb8 15.Rc1 Ne5
16.h3 f5 17.f4 Nf7 18.Bf2 b5 19.b4 cxb4 20.Nxb5 Qd7 21.Nd4 Nxg3 22.Ne6 Nxf1
23.Kxf1 Bc3 24.Nf3 Bb7 25.Nfd4 Rfc8 26.e4 Bxd4 27.Rxc8+ Bxc8 28.Bxd4 Nd8
29.exf5 gxf5 30.Bb2 Qe7 31.Qd4 Kf7 32.Nxd8+ Qxd8 33.Qg7+ Ke8 34.Bf6 Qxf6
35.Qxf6 b3 36.Qxd6 {#r} 1-0

[Event "Tournament (open)"]
[Site "masterchessopen.com - Berdsk (Russia)"]
[Date "2010.07.10"]
[Round "3"]
[White "Ashirov Rustam (RUS)"]
[Black "Bublei Pavel (RUS)"]
[Result "0-1"]
[WhiteElo "2072"]
[BlackElo "2303"]

1.d4 Nf6 2.c4 c5 3.d5 e6 4.Nc3 exd5 5.cxd5 d6 6.Nf3 g6 7.g3 Bg7 8.Bg2 O-O
9.O-O a6 10.a4 Bg4 11.Nd2 Ne8 12.h3 Bc8 13.Nc4 Nd7 14.a5 Qe7 15.e4 Rb8 16.Kh2
Nc7 17.Bf4 Ne5 18.Nxe5 Bxe5 19.Bxe5 Qxe5 20.f4 Qg7 21.e5 Ne8 22.Re1 b5 23.Ne4
dxe5 24.d6 exf4 25.d7 fxg3+ 26.Nxg3 Bxd7 27.Qxd7 Qxb2 28.Rad1 Nf6 29.Qa7 h5
30.Qxc5 Rbc8 31.Qg5 Rc2 32.Ne4 Ng4+ 33.Kg3 Rxg2+ 34.Kh4 Kg7 35.Rg1 Rxg1
36.Rxg1 Nf6 {#R} 0-1

[Event "It (open)"]
[Site "masterchessopen.com - Paracin (Serbia)"]
[Date "2010.07.12"]
[Round "4"]
[White "Lajthajm Borko (SRB)"]
[Black "Popovic Djordje (SRB)"]
[Result "1-0"]
[WhiteElo "2492"]
[BlackElo "2283"]

1.d4 Nf6 2.Nf3 e6 3.c4 c5 4.d5 exd5 5.cxd5 d6 6.Nc3 g6 7.g3 Bg7 8.Bg2 O-O
9.O-O a6 10.a4 Nbd7 11.Bf4 Qc7 12.Nd2 Nh5 13.Bg5 h6 14.Be3 Ne5 15.h3 f5 16.f4
Nf7 17.Bf2 Nf6 18.Kh2 g5 19.Qc2 Bd7 20.a5 Rae8 21.Nc4 Re7 22.Nb6 Rfe8 23.e3 h5
24.Rg1 Kh8 25.Bf1 h4 26.gxh4 gxf4 27.exf4 Bh6 28.Rg5 Bxg5 29.hxg5 Ne4 30.Bh4
Nfxg5 31.fxg5 Rh7 32.Nxe4 fxe4 33.Bg3 Bb5 34.Qc3+ Qg7 35.Bxd6 e3 36.Bxb5 axb5
37.Bxc5 Qxc3 38.bxc3 e2 {#r} 1-0

[Event "It (open)"]
[Site "masterchessopen.com - Rethymno (Greece)"]
[Date "2010.07.14"]
[Round "3"]
[White "Batsiashvili Nino (GEO)"]
[Black "Parligras Mircea (ROM)"]
[Result "0-1"]
[WhiteElo "2390"]
[BlackElo "2601"]

1.d4 Nf6 2.c4 e6 3.g3 c5 4.d5 exd5 5.cxd5 d6 6.Nc3 g6 7.Nf3 Bg7 8.Bg2 O-O
9.O-O a6 10.a4 Nbd7 11.Bf4 Qc7 12.Rc1 Re8 13.b4 Nh5 14.Bd2 Qd8 15.Ne1 cxb4
16.Ne4 Ndf6 17.Nxf6+ Nxf6 18.Bxb4 Bg4 19.Nf3 Ne4 20.a5 Rc8 21.Qb3 Qd7 22.Rxc8
Rxc8 23.Qd3 Bf5 24.Nh4 Nxf2 25.Qa3 Nh3+ 26.Kh1 Bg4 27.Bxd6 Rc3 28.Qb4 Bxe2
29.Re1 Nf2+ 30.Kg1 Nd3 {#R} 0-1

[Event "It (open)"]
[Site "masterchessopen.com - Rethymno (Greece)"]
[Date "2010.07.16"]
[Round "5"]
[White "Malikentzos Sotirios (GRE)"]
[Black "Dubov Daniil (RUS)"]
[Result "0-1"]
[WhiteElo "2287"]
[BlackElo "2195"]

1.d4 Nf6 2.c4 c5 3.d5 e6 4.Nc3 exd5 5.cxd5 d6 6.Nf3 g6 7.g3 Bg7 8.Bg2 O-O
9.O-O a6 10.a4 Re8 11.Bf4 Nbd7 12.Bxd6 Qb6 13.Bf4 Qxb2 14.Bd2 c4 15.Ra2 Qb6
16.a5 Qd8 17.Bf4 Nc5 18.Qd4 Nce4 19.Nxe4 Rxe4 20.Qd1 Re8 21.Ne5 g5 22.Nxf7
Kxf7 23.Bxg5 Bf5 24.Rb2 Qd7 25.d6 Rab8 26.Rb4 c3 27.Qb3+ Kg6 28.g4 Bxg4 29.f4
Rxe2 30.Qxc3 Rbe8 31.Qg3 Nh5 32.Qd3+ Qf5 33.Qxf5+ Bxf5 34.Rxb7 Bd4+ 35.Kh1
Rxg2 36.Kxg2 Re2+ 37.Kf3 Re3+ 38.Kf2 Rb3+ {#R} 0-1

[Event "It (open)"]
[Site "masterchessopen.com - Senta (Serbia)"]
[Date "2010.07.18"]
[Round "3"]
[White "Kosa Jeno (SRB)"]
[Black "Nadj Zoltan (SRB)"]
[Result "0-1"]
[WhiteElo "2111"]
[BlackElo "2145"]

1.d4 Nf6 2.c4 e6 3.g3 c5 4.d5 exd5 5.cxd5 d6 6.Nc3 g6 7.Bg2 Bg7 8.Nf3 O-O
9.O-O Na6 10.Nd2 Rb8 11.e4 b5 12.h3 Nb4 13.a4 a6 14.axb5 axb5 15.Kh2 Re8 16.f4
Nd3 17.Qc2 Nxc1 18.Rfxc1 Bd7 19.Ra6 Rb6 20.Rca1 Rxa6 21.Rxa6 Qb8 22.Nd1 Bc8
23.Ra2 Qb6 24.Qb3 Nd7 25.Qa3 c4 26.Qa7 Qxa7 27.Rxa7 Nc5 28.Ra5 Bxb2 29.Nxb2 c3
30.Ra1 cxb2 31.Rb1 Na4 {#R} 0-1

[Event "Ch Spain (juniors) (under 18)"]
[Site "masterchessopen.com - Linares (Spain)"]
[Date "2010.07.28"]
[Round "5"]
[White "Coll Ortega Jordi (ESP)"]
[Black "Donoso Sanchez Alejandro (ESP)"]
[Result "1-0"]
[WhiteElo "2263"]
[BlackElo "2178"]

1.d4 Nf6 2.c4 c5 3.d5 e6 4.Nc3 exd5 5.cxd5 d6 6.g3 g6 7.Bg2 Bg7 8.Nf3 O-O
9.O-O Na6 10.h3 Rb8 11.e4 b5 12.e5 Ne8 13.Bf4 b4 14.Ne4 Bf5 15.Qe2 Bxe4
16.Qxe4 Qe7 17.Qc4 Qb7 18.Rae1 h6 19.h4 Qb6 20.Bh3 Nac7 21.Bd7 Kh7 22.Bc6 Nb5
23.Qd3 a6 24.h5 dxe5 25.hxg6+ fxg6 26.Nxe5 Bxe5 27.Rxe5 Ng7 28.Re7 Rbd8 29.Be5
Rg8 30.Qf3 Nd6 31.Qf4 Rdf8 32.Qxf8 {#r} 1-0

[Event "Simultan"]
[Site "masterchessopen.com - Copenhagen (Denmark)"]
[Date "2010.07.30"]
[Round "0"]
[White "Svidler Peter (RUS)"]
[Black "Pedersen Gunnar (DEN)"]
[Result "1-0"]
[WhiteElo "2731"]
[BlackElo "2218"]

1.c4 e6 2.d4 Nf6 3.g3 c5 4.d5 exd5 5.cxd5 d6 6.Nc3 g6 7.Bg2 Bg7 8.Nf3 O-O
9.O-O a6 10.a4 Nbd7 11.h3 Rb8 12.Bf4 Qe7 13.a5 b5 14.axb6 Nxb6 15.e4 Nfd7
16.Qc2 Nc4 17.b3 Nce5 18.Nd2 Nb6 19.Be3 Qc7 20.f4 Ned7 21.Rab1 Bb7 22.Rfc1
Rfe8 23.Bf2 Rbc8 24.Nc4 Nxc4 25.bxc4 Rb8 26.Qa4 Bd4 27.Ne2 Bxf2+ 28.Kxf2 Ba8
29.Qxa6 Rb4 30.Nc3 Nb6 31.Nb5 Qd8 32.Rxb4 cxb4 33.Qa5 g5 34.Qxb4 gxf4 35.Qxd6
fxg3+ 36.Qxg3+ Kf8 37.Nd6 Qf6+ 38.Kg1 {#r} 1-0

[Event "Ch France (accession)"]
[Site "masterchessopen.com - Belfort (France)"]
[Round "2"]
[White "Lamard Guillaume (FRA)"]
[Black "Nass Emile (FRA)"]
[Result "1-0"]
[WhiteElo "2186"]
[BlackElo "2235"]

1.d4 Nf6 2.c4 e6 3.g3 c5 4.d5 exd5 5.cxd5 d6 6.Nc3 g6 7.Bg2 Bg7 8.Nf3 O-O
9.O-O a6 10.a4 Nbd7 11.Bf4 Ne8 12.h3 Rb8 13.a5 b5 14.axb6 Nxb6 15.Qd3 f5
16.Ng5 Nc7 17.Rfd1 Qe7 18.Ne6 Nxe6 19.dxe6 Be5 20.Bxe5 dxe5 21.Qd6 Qxd6
22.Rxd6 Nc4 23.Rc6 e4 24.Rxc5 Bxe6 25.Rxa6 Bf7 26.g4 fxg4 27.Nxe4 gxh3 28.Bxh3
Rb7 29.b4 h6 30.b5 Rfb8 31.Be6 Bxe6 32.Rxe6 Na3 33.Rxg6+ Kh7 34.Rcc6 Rg7
35.Rxg7+ Kxg7 36.b6 {#r} 1-0

[Event "Tournament (open)"]
[Site "masterchessopen.com - Medellin (Colombia)"]
[Date "2010.08.06"]
[Round "5"]
[White "Chirivi Yenny (COL)"]
[Black "Tovio Israel (COL)"]
[Result "1-0"]
[WhiteElo "2227"]
[BlackElo "2298"]

1.d4 Nf6 2.c4 c5 3.d5 e6 4.Nc3 exd5 5.cxd5 d6 6.Nf3 g6 7.g3 Bg7 8.Bg2 O-O
9.O-O a6 10.a4 Nbd7 11.h3 Rb8 12.a5 b5 13.axb6 Rxb6 14.Nd2 Ne5 15.f4 Nh5
16.Qe1 f5 17.fxe5 Bxe5 18.Rf3 Rb4 19.Nf1 Bb7 20.Ra3 Re8 21.Kh1 Qa8 22.Rd3 Nf6
23.Qd1 Bd4 24.Kh2 Ne4 25.Nxe4 fxe4 26.Rdb3 Rxb3 27.Qxb3 Rf8 28.Bf4 g5 29.Bxg5
Rf2 30.Ne3 Rxe2 31.Qd1 Rxb2 32.Qg4 Kh8 33.Qf5 Qg8 34.Bf6+ Bxf6 35.Qxf6+ Qg7
36.Qd8+ Qg8 37.Qxd6 {#r} 1-0

[Event "It (open)"]
[Site "masterchessopen.com - Geraardsbergen (Belgium)"]
[Date "2010.08.13"]
[Round "6"]
[White "Van Poucke Simon (BEL)"]
[Black "Hensbergen Willem (NED)"]
[Result "0-1"]
[WhiteElo "1957"]
[BlackElo "2103"]

1.d4 Nf6 2.c4 c5 3.d5 e6 4.Nc3 exd5 5.cxd5 d6 6.Nf3 g6 7.g3 Bg7 8.Bg2 O-O
9.O-O Re8 10.Nd2 Na6 11.Nc4 Nc7 12.a4 b6 13.Bf4 Bf8 14.Re1 Ba6 15.Qb3 Nh5
16.Bd2 Rb8 17.Bf3 Nf6 18.Bf4 Bxc4 19.Qxc4 a6 20.e4 b5 21.axb5 axb5 22.Qb3 b4
23.Na4 Nd7 24.Bg2 Nb5 25.Qc4 g5 26.Be3 Ne5 27.Qc2 Bg7 28.Rad1 b3 29.Qc1 g4
30.Rf1 Qa5 {#R} 0-1

[Event "It (open)"]
[Site "masterchessopen.com - Stare Mesto (Czech Republic)"]
[Date "2010.08.14"]
[Round "2"]
[White "Kuchynka Lukas (CZE)"]
[Black "Kasik Jiri (CZE)"]
[Result "1-0"]
[WhiteElo "2306"]
[BlackElo "2003"]

1.d4 Nf6 2.c4 c5 3.d5 e6 4.Nc3 exd5 5.cxd5 d6 6.g3 g6 7.Bg2 Bg7 8.Nf3 O-O
9.O-O Re8 10.Nd2 b6 11.Re1 Ba6 12.a4 Nbd7 13.Nb5 Ne5 14.h3 g5 15.Qb3 Bxb5
16.axb5 Qd7 17.e4 Rac8 18.Nc4 h6 19.Bd2 Ng6 20.Bc3 Re7 21.Re3 Ne8 22.Kh2 Ne5
23.Bf1 f5 24.exf5 Qxf5 25.Bxe5 Bxe5 26.Nxe5 Rxe5 27.Rxe5 Qxe5 28.Rxa7 Nf6
29.Qc2 Ne4 30.Bd3 Re8 31.Rd7 Qf5 32.Rxd6 Qf3 33.Bxe4 Rxe4 34.Rxb6 {#r} 1-0

[Event "Ch Serbia (team) (1 liga)"]
[Site "masterchessopen.com - Vrnjacka Banja (Serbia)"]
[Date "2010.08.24"]
[Round "4"]
[White "Antic Dejan (SRB)"]
[Black "Rajkovic Dusan (SRB)"]
[Result "1-0"]
[WhiteElo "2484"]
[BlackElo "2443"]

1.d4 Nf6 2.c4 e6 3.g3 c5 4.d5 exd5 5.cxd5 d6 6.Nc3 g6 7.Bg2 Bg7 8.Nf3 O-O
9.O-O Re8 10.Bf4 a6 11.a4 Ne4 12.Nxe4 Rxe4 13.Qd2 Qe7 14.Bg5 Qe8 15.Bh6 Bh8
16.Ng5 Rb4 17.Ra3 Nd7 18.Re3 Qd8 19.Ne6 fxe6 20.dxe6 Be5 21.Qd5 Kh8 22.exd7
Qxd7 23.Rxe5 {#r} 1-0

[Event "It (open)"]
[Site "masterchessopen.com - Havirov (Czech Republic)"]
[Date "2010.08.28"]
[Round "8"]
[White "Ivanov Mikhail M (RUS)"]
[Black "Vesselovsky Serguei (CZE)"]
[Result "1-0"]
[WhiteElo "2438"]
[BlackElo "2360"]

1.d4 Nf6 2.c4 e6 3.g3 c5 4.d5 exd5 5.cxd5 d6 6.Nc3 g6 7.Bg2 Bg7 8.Nf3 O-O
9.O-O a6 10.a4 Nbd7 11.Bf4 Qe7 12.h3 Re8 13.Re1 Nh5 14.Bg5 Qf8 15.e4 Rb8 16.g4
Nhf6 17.Bf4 b5 18.axb5 axb5 19.e5 dxe5 20.Nxe5 Nxe5 21.Rxe5 Bd7 22.Rxe8 Rxe8
23.d6 Rd8 24.Ra7 Qe8 25.g5 Nh5 26.Be3 Bxc3 27.bxc3 Bc6 28.Bd5 Rxd6 29.Bxf7+
Qxf7 30.Qxd6 Qxa7 31.Qxc6 Qa1+ 32.Kh2 Qxc3 33.Qe8+ Kg7 34.Qe7+ Kg8 35.Bxc5
{#r} 1-0

[Event "It (open) \"]
[Site "masterchessopen.com - Nuernberg (Germany)"]
[Date "2010.09.03"]
[Round "3"]
[White "Bilchinski Anton (GER)"]
[Black "Madlo-Thiess Franziska (GER)"]
[Result "0-1"]
[WhiteElo "1713"]
[BlackElo "1906"]

1.d4 Nf6 2.c4 c5 3.d5 e6 4.Nc3 exd5 5.cxd5 d6 6.g3 g6 7.Bg2 Bg7 8.Nf3 O-O
9.O-O Na6 10.e4 Nc7 11.a4 a6 12.Qd3 Rb8 13.a5 Bd7 14.Re1 Bb5 15.Qc2 Re8 16.Bd2
Bd7 17.h3 Nb5 18.Kh2 b6 19.axb6 Qxb6 20.Na4 Qb7 21.Qc4 Nd4 22.Nxd4 cxd4 23.b4
Rec8 24.Qd3 Bb5 25.Qb1 Nd7 26.f4 d3 27.Ra3 Rc2 28.Rd1 Qa7 29.Ra2 Rbc8 30.Rc1
Bxa4 31.Rxa4 Qf2 32.Rxc2 Rxc2 {#R} 0-1

[Event "Olympiad"]
[Site "masterchessopen.com - Khanty Mansyisk (Russia)"]
[Date "2010.09.27"]
[Round "6"]
[White "Lopez Ja"]
[Black "Faulks Nick (BER)"]
[Result "0-1"]
[WhiteElo "2101"]
[BlackElo "2109"]

1.d4 Nf6 2.c4 c5 3.d5 e6 4.Nc3 exd5 5.cxd5 d6 6.Nf3 g6 7.g3 Bg7 8.Bg2 O-O
9.O-O Re8 10.Nd2 b6 11.Re1 Ba6 12.Qc2 Nbd7 13.Nde4 Qe7 14.Bf4 Nxe4 15.Nxe4 Ne5
16.Rac1 h6 17.g4 g5 18.Bg3 Bc8 19.h3 f5 20.gxf5 Bxf5 21.Qd2 Rad8 22.b4 g4
23.f4 gxh3 24.fxe5 hxg2 25.Nxd6 Rxd6 26.exd6 Qf7 27.e4 Bxe4 28.Rxe4 Rxe4
29.Re1 Bd4+ 30.Kxg2 Qxd5 31.Rxe4 Qxe4+ 32.Kh2 Be5 33.d7 Qh4+ {#R} 0-1

[Event "Tournament (weekend)"]
[Site "masterchessopen.com - Rome (Italy)"]
[Date "2010.10.10"]
[Round "4"]
[White "Sacco Davide (ITA)"]
[Black "Bolla Vittorio"]
[Result "0-1"]
[WhiteElo "1641"]
[BlackElo "1790"]

1.d4 Nf6 2.c4 c5 3.d5 e6 4.g3 exd5 5.cxd5 d6 6.Bg2 g6 7.Nf3 Bg7 8.Nc3 O-O
9.O-O a6 10.a4 Nbd7 11.Bg5 Re8 12.Qb3 Rb8 13.Rfe1 h6 14.Bxf6 Nxf6 15.Nd2 Qc7
16.Nc4 b6 17.Qc2 b5 18.axb5 axb5 19.Nd2 b4 20.Nd1 Bb7 21.Ne3 Rxe3 22.fxe3 Nxd5
23.Bxd5 Bxd5 24.e4 Be6 {#R} 0-1

[Event "Tournament"]
[Site "masterchessopen.com - Campinas (Brazil)"]
[Date "2010.10.12"]
[Round "4"]
[White "Grillo Cloves Moises (BRA)"]
[Black "Freitas Romeu S (BRA)"]
[Result "0-1"]
[WhiteElo "1869"]
[BlackElo "2145"]

1.d4 Nf6 2.c4 c5 3.d5 e6 4.Nc3 exd5 5.cxd5 d6 6.g3 g6 7.Bg2 Bg7 8.Nf3 O-O
9.O-O Re8 10.e4 b5 11.Nxb5 Nxe4 12.Bf4 a6 13.Nc3 Nxc3 14.bxc3 Bxc3 15.Rc1 Bg7
16.h3 Bf5 17.Nh4 Be4 18.Bxe4 Rxe4 19.Qd3 Re8 20.Rfe1 Rxe1+ 21.Rxe1 Bf8 22.Nf3
Nd7 23.Qe2 Nb6 24.Qd2 Qd7 25.Kg2 Qf5 26.Rd1 Re8 27.g4 Qe4 28.Re1 Qa4 29.Rxe8
Qxe8 30.Qa5 Qb5 31.Qxb5 axb5 32.Bd2 Nxd5 33.Ng1 b4 34.Ne2 c4 35.Nd4 Bg7 36.Nb5
Bc3 37.Bc1 b3 {#R} 0-1

[Event "Ch City (open)"]
[Site "masterchessopen.com - Ivanovo (Russia)"]
[Date "2010.10.17"]
[Round "3"]
[White "Myshkin Nikita (RUS)"]
[Black "Rogozjkin Alexandr (RUS)"]
[Result "1-0"]
[WhiteElo "2154"]
[BlackElo "1963"]

1.d4 Nf6 2.c4 c5 3.d5 e6 4.Nf3 exd5 5.cxd5 d6 6.Nc3 g6 7.g3 Bg7 8.Bg2 O-O
9.O-O Na6 10.Nd2 Nc7 11.a4 a6 12.Nc4 Rb8 13.Bf4 Nce8 14.e4 Nh5 15.Be3 b5
16.axb5 axb5 17.Na5 Qd7 18.Nc6 Rb7 19.e5 Kh8 20.Ne4 f5 21.e6 Qc7 22.Nxc5 dxc5
23.Bxc5 Nd6 24.Qb3 Nf6 25.Qb4 Nfe8 26.Ra8 Kg8 27.Rd1 Rf6 28.Na5 Rb6 29.Rc1 Ra6
30.Rxa6 Bxa6 31.Be3 Nc4 32.Nxc4 bxc4 33.Qa4 Qc8 34.b3 Nd6 35.bxc4 Bxc4 36.Bf1
{#r} 1-0